| 000 | 00493cam a22001337a 4500 | ||
|---|---|---|---|
| 008 | 180718b1963 xxu||||| |||| 00| 0 eng d | ||
| 082 | _aT2161x54 N213d | ||
| 245 |
_aDemand for steel castings _cby National Council of Applied Economic Research, India |
||
| 260 |
_aNew Delhi _bNational Council of Applied Economic Research _c1963 |
||
| 300 | _avii, 67p. | ||
| 650 | _aSteel industry and trade --India | ||
| 650 | _aSteel castings | ||
| 700 | _aIndia. National Council of Applied Economic Research | ||
| 999 |
_c375320 _d375320 |
||